| Tag |
First Indicator |
Second Indicator |
Subfields |
| LEADER |
00000cam a2200000 a 4500 |
| 001 |
in00001404043 |
| 005 |
20151020054309.0 |
| 008 |
970522s1997 couab b s001 0 eng |
| 010 |
|
|
|a 97022971
|
| 020 |
|
|
|a 087081463X (hardcover : alk. paper)
|
| 035 |
|
|
|a (OCoLC)37221215
|
| 035 |
|
|
|9 AHN1034AM
|
| 040 |
|
|
|a DLC
|c DLC
|d TXA
|d UtOrBLW
|
| 043 |
|
|
|a n-us-co
|
| 049 |
|
|
|a TXAM
|
| 050 |
0 |
0 |
|a E83.879
|b .M56 1997
|
| 082 |
0 |
0 |
|a 973.8/3
|2 21
|
| 100 |
1 |
|
|a Miller, Mark E.,
|d 1951-
|
| 245 |
1 |
0 |
|a Hollow victory :
|b the White River Expedition of 1879 and the battle of Milk Creek /
|c Mark E. Miller.
|
| 264 |
|
1 |
|a Niwot :
|b University Press of Colorado,
|c [1997]
|
| 264 |
|
4 |
|c ©1997
|
| 300 |
|
|
|a xvi, 249 pages :
|b illustrations, maps ;
|c 24 cm.
|
| 336 |
|
|
|a text
|b txt
|2 rdacontent
|
| 337 |
|
|
|a unmediated
|b n
|2 rdamedia
|
| 338 |
|
|
|a volume
|b nc
|2 rdacarrier
|
| 504 |
|
|
|a Includes bibliographical references (pages [231]-240) and index.
|
| 650 |
|
0 |
|a Milk Creek, Battle of, Colo., 1879.
|
| 650 |
|
0 |
|a Ute Indians
|x Wars, 1879.
|
| 650 |
|
0 |
|a Ute Indians
|x Government relations.
|
| 610 |
1 |
0 |
|a United States.
|b Army.
|b Cavalry, 5th.
|
| 600 |
1 |
0 |
|a Meeker, Nathan Cook,
|d 1814-1879.
|
| 999 |
|
|
|a MARS
|
| 999 |
f |
f |
|s fce24082-02f7-318a-aca3-3b7488d3e362
|i e12f4e84-1722-3d6c-a1fb-59757c98f921
|t 0
|
| 952 |
f |
f |
|p ric
|a Texas A&M University
|b Rellis Campus
|c Joint Library Facility
|d Remote Storage
|t 0
|e E83.879 .M56 1997
|h Library of Congress classification
|i unmediated -- volume
|m A14822132626
|
| 998 |
f |
f |
|a E83.879 .M56 1997
|t 0
|l Remote Storage
|